Gesammelte Schriften
Guardat en:
| Autor principal: | |
|---|---|
| Format: | Llibre |
| Idioma: | alemany |
| Publicat: |
Stuttgart
B. G. Teubner
1968
|
| Edició: | 4a. ed |
| Matèries: | |
| Etiquetes: |
Afegir etiqueta
Sense etiquetes, Sigues el primer a etiquetar aquest registre!
|
MARC
| LEADER | 00000nam a2200000 a 4500 | ||
|---|---|---|---|
| 001 | UCZ5114 | ||
| 003 | CL-VaPUC | ||
| 008 | 951117e19680000GW |||||||||||||||||ger|d | ||
| 082 | 0 | 4 | |a 147.3 |b DIL |2 21 |
| 100 | 0 | |a Dilthey, Wilhelm |e author |9 335712 | |
| 245 | 1 | 0 | |a Gesammelte Schriften |
| 250 | |a 4a. ed | ||
| 300 | |a v | ||
| 942 | |c BK | ||
| 945 | |d 19951117 00:00:00 |a cmena | ||
| 260 | |a Stuttgart |b B. G. Teubner |c 1968 | ||
| 500 | |a v.3: Studien zur Geschichte des Deutschen Geistes. Leibniz und Sein Zeiltalter. Friedrich der Grosse und Die Deutsche Aufklärung. Das Achtzehnte Jahrhundert und die Geschichtliche Welt | ||
| 500 | |a v.4: Die Jugendgeschichte Hegels und Andere Abhandlungen zur Geschichte des Deutschen Idealismus | ||
| 500 | |a v.8: Weltanschauungslehere: Abhandlungen zur Philosophie der Philosophie | ||
| 650 | 0 | |a Vitalismo |9 311571 | |
| 650 | 0 | |a Filosofía del espíritu |9 320175 | |
| 650 | 7 | |a PANTEISMO |2 CL-VaPUC |9 338863 | |
| 650 | 0 | |a Filosofía alemana |9 265002 | |
| 650 | 0 | |a Hermenéutica |9 269473 | |
| 650 | 0 | |a Psicología |9 257863 | |
| 650 | 0 | |a Metafísica |9 265649 | |
| 650 | 0 | |a Idealismo |9 265685 | |
| 583 | |a last modification |c 19951117 00:00:00 |k Rodrigo Vera | ||
| 999 | |c 241439 |d 241437 | ||
| 952 | |0 0 |1 0 |4 0 |6 147_300000000000000_DIL_1968 |7 0 |8 P |9 253759 |a BIBEDU |b BIBEDU |d 2019-11-19 |h v.3 |i 1574329 |o 147.3 DIL 1968 |p 1574329 |r 2025-01-22 |w 2019-11-19 |y BK |k FIL | ||
| 952 | |0 0 |1 0 |4 0 |6 147_300000000000000_DIL_1968 |7 0 |8 P |9 253760 |a BIBEDU |b BIBEDU |d 2019-11-19 |h v.4 |i 157437K |o 147.3 DIL 1968 |p 157437K |r 2025-01-22 |w 2019-11-19 |y BK |k FIL | ||
| 952 | |0 0 |1 0 |4 0 |6 147_300000000000000_DIL_1968 |7 0 |8 P |9 253761 |a BIBEDU |b BIBEDU |d 2019-11-19 |h v.8 |i 1574272 |o 147.3 DIL 1968 |p 1574272 |r 2025-01-22 |w 2019-11-19 |y BK |k FIL | ||